Aktuárske modely v oblasti sociálno-ekonomických procesov v krajinách Európskej únie
Guardado en:
| Autor principal: | |
|---|---|
| Formato: | Capítulo de libro |
| Lenguaje: | eslovaco |
| Etiquetas: |
Sin Etiquetas, Sea el primero en etiquetar este registro!
|
MARC
| LEADER | 00000nla$a2200000$$$4500 | ||
|---|---|---|---|
| 001 | 0134862 | ||
| 005 | 20240502072520.1 | ||
| 041 | 0 | |a slo | |
| 044 | |a SK | ||
| 245 | 1 | 0 | |a Aktuárske modely v oblasti sociálno-ekonomických procesov v krajinách Európskej únie |c Lea Škrovánková |
| 100 | 1 | |a Škrovánková, Lea, 1954- | |